000 003540000a22001090004500
090 _aAS
_bSeriadas
245 1 0 _aNueva subespecie colombiana de Campylorhamphus pulillus (<aves: Dendrocolaptidae>)
041 0 _aEspañol
100 1 _aRomero Zambrano, Hernando
_993556
942 _cARTICULO
773 1 _tLozania: Acta Zoológica Colombiana
_3375
_h31
_q1-8
_d1980
999 _c15204
_d15204